000 nam a22 a 4500
999 _c2516
_d2516
003 AKMAL
005 20170517090759.0
008 170517s1995 my 00 may d
020 _a967610387X (kkt.):
_cRM 29.90
040 _aAKMAL
_cAKMAL
049 _amal
082 0 4 _a613.952 MOH
090 _a613.952
_bMOH
090 2 0 _a613.952
_bMOH
100 1 _aMohd Ismail Tambi,
_d1951-
_93002
245 1 0 _aPengenalan dan rawatan sakit tuan /
_cMohd. Ismail Tambi
260 _aKuala Lumpur :
_bUtusan Publications & Distributors,
_c1995
300 _a204ms. :
_bil. wrn. ;
_c22cm
440 _aSiri perubatan utusan
_93003
650 _aAndrology
_95228
650 _aMen
_xDiseases
_95229
650 _aGenerative organs, Male
_95230
650 _aHuman reproduction
_xEndocrine aspects
_95231
942 _2ddc
_cBOOK